| 000 | 00551nam a2200205Ia 4500 | ||
|---|---|---|---|
| 003 | GCL | ||
| 008 | 140319s9999 xx 000 0 eng d | ||
| 020 | _a20018720011 | ||
| 040 |
_aGCL / _cGCL |
||
| 082 | 0 | 4 |
_a709.951 _bN G |
| 245 | 1 | 0 |
_aGREAT NATIONAL TREASURES OF CHINA : _bMASTERWORKS IN THE NATIONAL PALACE MUSEUM |
| 260 |
_aالصين : _bNATIONAL PALACE MUSEUM ، _c1984 |
||
| 300 |
_a30 CM ؛ _c327 P |
||
| 650 | 0 | 4 | _aCERAMICS |
| 650 | 0 | 4 | _aHANDCRAFT |
| 650 | 0 | 4 | _aARTS - CHINA |
| 650 | 0 | 4 | _aARTS |
| 650 | 0 | 4 | _aPAINTINGS |
| 942 |
_2ddc _cBK |
||
| 999 |
_c9563 _d9563 |
||